Southville International School and Colleges
Your cart is empty.
  • Cart
  • Lists
    Public lists Eva Luna New books Lux_list list_1
    Your lists Log in to create your own lists
  • Log in to your account
  • Your cookies
  • Search history
Southville International School and Colleges
  • Advanced search
  • Recent comments
  • Most popular
  • Libraries

Log in to your account

Log in with GOOGLE


If you do not have an external account, but do have a local account, you can still log in:

  1. Home
  2. MARC view: Taekwondo /
Normal view MARC view ISBD view

Taekwondo / (Record no. 9111)

[ view plain ]
MARC details
000 -LEADER
fixed length control field 01126cam a22003254a 4500
001 - CONTROL NUMBER
control field 13034711
003 - CONTROL NUMBER IDENTIFIER
control field OSt
005 - DATE AND TIME OF LATEST TRANSACTION
control field 20140310182057.0
008 - FIXED-LENGTH DATA ELEMENTS--GENERAL INFORMATION
fixed length control field 021219s2003 paua c b 001 0 eng
010 ## - LIBRARY OF CONGRESS CONTROL NUMBER
LC control number 2002156085
020 ## - INTERNATIONAL STANDARD BOOK NUMBER
International Standard Book Number 1590843916
040 ## - CATALOGING SOURCE
Original cataloging agency DLC
Transcribing agency DLC
Modifying agency DLC
042 ## - AUTHENTICATION CODE
Authentication code pcc
-- lcac
050 00 - LIBRARY OF CONGRESS CALL NUMBER
Classification number GV 1114.9
Item number .C525 2003
082 00 - DEWEY DECIMAL CLASSIFICATION NUMBER
Classification number HS 796.8
Item number C41 2003
100 1# - MAIN ENTRY--PERSONAL NAME
Personal name Chesterman, Barnaby.
9 (RLIN) 12465
245 10 - TITLE STATEMENT
Title Taekwondo /
Statement of responsibility, etc Barnaby Chesterman.
246 3# - VARYING FORM OF TITLE
Title proper/short title Tae kwon do
246 1# - VARYING FORM OF TITLE
Display text Subtitle on cover:
Title proper/short title Essential tips, drills, and combat techniques
260 ## - PUBLICATION, DISTRIBUTION, ETC. (IMPRINT)
Place of publication, distribution, etc Broomall, PA :
Name of publisher, distributor, etc Mason Crest Publishers,
Date of publication, distribution, etc c2003.
300 ## - PHYSICAL DESCRIPTION
Extent 96 p. :
Other physical details ill. (some col.) ;
Dimensions 25 cm.
440 #0 - SERIES STATEMENT/ADDED ENTRY--TITLE
Title Martial and fighting arts
9 (RLIN) 11394
504 ## - BIBLIOGRAPHY, ETC. NOTE
Bibliography, etc Includes bibliographical references (p. 94-95) and index.
650 #0 - SUBJECT ADDED ENTRY--TOPICAL TERM
Topical term or geographic name as entry element Tae kwon do
Form subdivision Juvenile literature.
9 (RLIN) 12472
650 #1 - SUBJECT ADDED ENTRY--TOPICAL TERM
Topical term or geographic name as entry element Tae kwon do.
9 (RLIN) 12473
906 ## - LOCAL DATA ELEMENT F, LDF (RLIN)
a 7
b cbc
c orignew
d 1
e ecip
f 20
g y-gencatlg
942 ## - ADDED ENTRY ELEMENTS (KOHA)
Source of classification or shelving scheme Library of Congress Classification
Koha item type
Holdings
Withdrawn status Lost status Source of classification or shelving scheme Damaged status Home library Current library Shelving location Date acquired Total Checkouts Full call number Barcode Date last seen Copy number Price effective from Koha item type
    Library of Congress Classification   Luxembourg Library Luxembourg Library High School Section 08/23/2013   GV 1114.9 .C525 2003 17232 08/23/2013 1 08/23/2013 Books

Taekwondo /

APA

Chesterman B., . (2003). Taekwondo. Broomall, PA: Mason Crest Publishers.

Chicago

Chesterman Barnaby, . 2003. Taekwondo. Broomall, PA: Mason Crest Publishers.

Harvard

Chesterman B., . (2003). Taekwondo. Broomall, PA: Mason Crest Publishers.

MLA

Chesterman Barnaby, . Taekwondo. Broomall, PA: Mason Crest Publishers. 2003.

  • Place hold
  • Print
  • Cite
  • Add to your cart (remove)
  • Save record
    BIBTEX Dublin Core MARCXML MARC (non-Unicode/MARC-8) MARC (Unicode/UTF-8) MARC (Unicode/UTF-8, Standard) MODS (XML) RIS
  • More searches
    Search for this title in:
    Other Libraries (WorldCat) Other Databases (Google Scholar) Online Stores (Bookfinder.com) Open Library (openlibrary.org)

Exporting to Dublin Core...

SOUTHVILLE LIBRARY

Southville International School and Colleges Library

1281 Tropical Ave. Cor. Luxembourg St., BF Homes International, Las Pinas City

Tel. No. 8256374 / 252358 Loc. 117/146

Powered by Koha